000
00329nam a2200133Ia 4500
005
20251222144745.0
008
251222s9999||||xx |||||||||||||| ||spa||
020
_a
84-03-09427-2
082
_a
828.35/S47/2003/T.II
100
_a
Shakespeare, William
245
0
_a
Obras Completas
264
_b
Ediciones Generales
942
_c
LIB
999
_c
19111
_d
19111